000 00467nam a2200157 4500
005 20260423153252.0
020 _a9781032252223
082 _a580.73
_bPUL.B.3
084 _2Colon Classification
100 _aPullaiah, T
_913755
245 _aBotanical gardens and their role in plant conservation:
_bEuropean and American botanical gardens
260 _aBoca Raton:
_bCRC press;
_c2024.
300 _a295p.
700 _aDavid A Galbraith
_913756
942 _2ddc
_cBK
999 _c758948
_d758948